| 000 | 00859na a2200253 4500 | ||
|---|---|---|---|
| 001 | 18866 | ||
| 003 | MIRAKIL | ||
| 005 | 20181213155048.0 | ||
| 008 | 161202b tu 000 0 | ||
| 020 | _a9786056111112 | ||
| 040 |
_aMilas _btur _cTR-AnCHP |
||
| 041 |
_atur _aeng |
||
| 082 |
_a649.5 _bH24 2010 |
||
| 090 | _a649.5 H24 2010 | ||
| 245 | _aHalil Posbıyık çocuklara çevreyi anlatıyor = Halil Posbıyık talks about environment to the children | ||
| 246 | _aHalil Posbıyık talks about environment to the children | ||
| 260 |
_aEreğli _bKaradeniz Ereğli Belediyesi _c2010 |
||
| 300 |
_a[26 s.] _bres. _c20 sm. |
||
| 500 | _aMetinler Türkçe-İngilizce karşılıklıdır. | ||
| 500 | _aEser Karadeniz Ereğli Belediyesi'nin 4. kültür hizmetidir. | ||
| 600 | _aPosbıyık, Halil | ||
| 650 | _aÇocuk kitapları | ||
| 942 |
_2dcc _cBKS |
||
| 999 |
_c5828 _d5828 |
||